000 00435nam a22001697a 4500
008 151016b xxu||||| |||| 00| 0 eng d
020 _a0324025394
041 0 _aeng
080 _a657
245 1 _aFinancial accounting /
_cWarren reeve fess.
250 _a8th ed.
260 _bSouth-Western Thomson Learning;
300 _a684 f.:
_bme il.;
_c25 cm.
650 0 _aKontabilitet financiar
650 0 _aInvestimet
942 _2udc
_cBK
999 _c1309
_d1309